| 000 | 00546nam a2200205Ia 4500 | ||
|---|---|---|---|
| 003 | OSt | ||
| 005 | 20230504103741.0 | ||
| 008 | 210423s1993 xx 000 0 und d | ||
| 020 | _a71677030 | ||
| 040 | _cAL | ||
| 041 | _aeng | ||
| 082 | _a574.19245 CRET | ||
| 100 |
_aCREIGHTON (Thomas E). _997511 |
||
| 245 | _aProteins: structures and molecular properties. | ||
| 260 |
_aNew York _bW H Freeman & Co. _c1993 |
||
| 300 |
_axiii,507 _bPB |
||
| 365 | _cINR | ||
| 906 | _amolecular ; properties. ; Proteins: ; structures | ||
| 942 |
_2ddc _cBK |
||
| 999 |
_c163152 _d163152 |
||